Universidad: pasado y presente /

Guardado en:
Autor Principal: Mondolfo, Rodolfo
Formato: Libro
Publicado: Buenos Aires : Eudeba, 1966
Series:Cuadernos de Eudeba ; 154
Materias:
Etiquetas: Agregar Etiqueta
Sin Etiquetas, Sea el primero en etiquetar este registro!
LEADER 00536nam a22001695a 4500
001 EHU.bham024480
008 130507s1966##################000#0#####d
005 20230405081543.0
245 1 0 |a Universidad: pasado y presente /  |c Rodolfo Mondolfo 
260 |a Buenos Aires :  |b Eudeba,  |c 1966 
300 |a 75 p. 
490 0 |a Cuadernos de Eudeba ; 154 
100 1 |a Mondolfo, Rodolfo 
082 3 7 |a 378 M745-1 
653 |a Universidad-historia de la 
653 |a Enseñanza universitaria 
859 |a AR-BHAM  |b BIB. HUMANIDADES - General  |h 378  |i M745-1  |p 249.02  |t Ej.1